Kommentar zum Handelsgesetzbuch mit einschlägigen Rechtsvorschriften

Saved in:
Bibliographic Details
Other Authors: Straube, Manfred
Format: Book
Language:German
Published: Wien MANZ 1987
Edition:1. Aufl.
Subjects:
Tags: Add Tag
No Tags, Be the first to tag this record!

MARC

LEADER 00000nam a2200000 4500
001 c010064
005 20221221074636.0
020 |a 3-214-04381-1 
041 0 |a ger 
044 |a AT 
245 1 0 |a Kommentar zum Handelsgesetzbuch mit einschlägigen Rechtsvorschriften  |c Edit. Manfred Straube 
250 |a 1. Aufl. 
264 1 |a Wien  |b MANZ  |c 1987 
300 |a 1302 s. 
610 2 0 |a zákonník obchodný 
610 2 0 |a Rakúsko 
610 2 0 |a predpisy právne 
610 2 0 |a komentáre 
700 1 |a Straube, Manfred